| 000 | 00901nam a22002297a 4500 | ||
|---|---|---|---|
| 003 | OSt | ||
| 005 | 20140310181918.0 | ||
| 008 | 130717t xxu||||| |||| 00| 0 eng d | ||
| 020 | _a0439153913 | ||
| 050 |
_aPE 1128 _b.Ei35 2001 |
||
| 082 |
_aTR 428.24 _bEi6 2001 |
||
| 100 |
_aEinhorn, Kama _91288 |
||
| 245 |
_aEasy & engaging ESL activities and mini-books for every classroom : _bterrific teaching tips, games, mini-books & more to help new students from every nation build basic English vocabulary and feel welcome / _cKama Einhorn. |
||
| 260 |
_aNew York : _bScholastic Professional Books, _cc2001. |
||
| 300 |
_a63 p. : _bill. ; _c28 cm. |
||
| 521 | _aFaculty | ||
| 541 | _j1 | ||
| 562 | _e1 | ||
| 650 |
_aEnglish language _xStudy and teaching _xForeign speakers. _91289 |
||
| 650 |
_aEnglish language _xStudy and Teaching (Elementary) Activity. _91290 |
||
| 942 |
_2lcc _cBK-TR _kTR |
||
| 999 |
_c6866 _d6866 |
||